Online
Catalog
Normal view MARC view

Entry Término temático

Number of records used in: 1

001 - NÚMERO DE CONTROL

  • campo de control: 53252

003 - IDENTIFICADOR DEL NÚMERO DE CONTROL

  • campo de control: OSt

005 - FECHA Y HORA DE LA ÚLTIMA TRANSACCIÓN

  • campo de control: 20200615034518.0

008 - DATOS DE LONGITUD FIJA

  • campo de control de longitud fija: 200615|| aca||aabn | a|a d

040 ## - FUENTE DE LA CATALOGACIÓN

  • Centro catalogador/agencia de origen: OSt
  • Centro/agencia transcriptor: OSt

150 ## - ENCABEZAMIENTO--TÉRMINO DE MATERIA

  • Término de materia o nombre geográfico como elemento de entrada: FERIA DEL LIBRO
  • Subdivisión geográfica: REPÚBLICA DOMINICANA
  • Subdivisión cronológica: 2008

670 ## - FUENTE DE DATOS ENCONTRADOS

  • Cita de la fuente: Work cat.: (OSt)25716: Feria Internacional del Libro de Santo Domingo (11ª : (2008 : 21 abril al 4 de mayo Santo Domingo, República Dominicana ) 53249, XI Feia Internacional del Libro Santo Domingo 2008 :, 2008.

Powered by Koha